Méga évolutions pokemon - Statistiques

Statistiques générales
  • Ce quiz a été pris 844 fois
  • Le résultat moyen est 11 sur 15
Statistiques - réponses
Type de quiz Réponse % Correct
Dragon\feu Dracaufeu
98%
Feu\vol Dracaufeu
98%
Eau Tortank
95%
Plante\poison Florizarre
94%
Spectre\poison Ectoplasma
86%
Normal\vol Roucarnage
85%
Psy Alakazam
79%
Insecte\poison Dardargnan
77%
Roche\vol Ptera
63%
Eau\psy Flagadoss
60%
Eau\tenebres Leviator
60%
Insecte\vol Scarabrute
51%
Normal Kangourex
50%
Psy\combat Mewtwo X
36%
Psy Mewtwo Y
36%
Aucun quiz correspondant
Distribution des résultats
% des personnes avec chaque résultat
Percentile par nombre de réponses
Votre historique - résultats
Vous n’avez pas pris ce quiz